BSE testing results announced (Record no. 66894)

MARC details
000 -LEADER
fixed length control field 00729cam a2200217 4500
001 - CONTROL NUMBER
control field WB3717-28
008 - FIXED-LENGTH DATA ELEMENTS--GENERAL INFORMATION
fixed length control field 000000n2001 000 0 eng u
035 ## - SYSTEM CONTROL NUMBER
System control number (Sirsi) u112397
245 ## - TITLE STATEMENT
Title BSE testing results announced
260 ## - PUBLICATION, DISTRIBUTION, ETC.
Date of publication, distribution, etc. 2001
490 ## - SERIES STATEMENT
Series statement MAFF News Release
Volume/sequential designation (159/01) 2 May 2001 (1)
520 ## - SUMMARY, ETC.
Summary, etc. The Agriculture Minister has announced that 0.41% (39) of a survey of 9526 cattle slaughtered under the Over Thirty Month Scheme between May and December 2000 tested positive for BSE.
590 ## - LOCAL NOTE (RLIN)
Local note WB
650 ## - SUBJECT ADDED ENTRY--TOPICAL TERM
Topical term or geographic name entry element BOVINE SPONGIFORM ENCEPHALOPATHY
650 ## - SUBJECT ADDED ENTRY--TOPICAL TERM
Topical term or geographic name entry element BSE
650 ## - SUBJECT ADDED ENTRY--TOPICAL TERM
Topical term or geographic name entry element BSE ERADICATION PROGRAMME
650 ## - SUBJECT ADDED ENTRY--TOPICAL TERM
Topical term or geographic name entry element CATTLE
650 ## - SUBJECT ADDED ENTRY--TOPICAL TERM
Topical term or geographic name entry element OVER THIRTY MONTHS SCHEME
690 ## - LOCAL SUBJECT ADDED ENTRY--TOPICAL TERM (OCLC, RLIN)
Topical term or geographic name as entry element Rural
9 (RLIN) 6268
942 ## - ADDED ENTRY ELEMENTS (KOHA)
Suppress in OPAC 0
Holdings
Withdrawn status Lost status Source of classification or shelving scheme Damaged status Not for loan Home library Current library Shelving location Date acquired Total Checkouts Full call number Barcode Date last seen Copy number Price effective from Koha item type
    Dewey Decimal Classification     London London News article 03/05/2001   WB3717-28 112397-1001 06/08/2019 1 06/08/2019 News article